00885nab a2200229 uc450000100070000000500170000700800410002403500110006503500210007604000130009704100080011010000480011824500870016665000420025365000380029570000480033370000460038170000530042777301460048094200100062699900190063679625620240223085624.0030214e20020701 spa  a796256 a(OCoLC)820008274 ccomduadb aspa10aGómez López, Víctor4auteaut937294010aControl de la diabetes mellitus tipo 2 : El indice de hiperglucemia como indicador 7aDiabetes mellitus tipo 22dcs9133780 aHemoglobina A glucosilada919067410aZuñiga Gonzalez, Sergio4auteaut933204310aGarcia de Leon, Ernesto4auteaut952593810aCouttolenc Lopez, Maria Ivonne4auteaut95259390 tRevista Médica del Instituto Mexicano del Seguro Social (México)gVol. 40, No. 04, Jul.-Ago. 2002, p. 281-284w332961x0443-51170108785 cARIMP c279545d279545